书目信息 |
| 题名: |
新书校注
|
|
| 作者: | 周振益 | |
| 分册: | ||
| 出版信息: | 北京 中华书局 2000 |
|
| 页数: | 617页 | |
| 开本: | 20cm | |
| 丛书名: | ||
| 单 册: | ||
| 中图分类: | B234.22 | |
| 科图分类: | ||
| 主题词: | 哲学--中国--楚汉战争时代 , 哲学--中国--汉代 | |
| 电子资源: | ||
| ISBN: | 7-101-01882-3 | |
| 000 | 00535nam0 2200193 450 | |
| 001 | 0728815141 | |
| 005 | 20070819080015.14 | |
| 010 | @a7-101-01882-3@d¥30.00 | |
| 100 | @a20070819d km y0chiy0120 ea | |
| 101 | 0 | @achi |
| 200 | 1 | @a新书校注@Axin shu xiao zhu@f周振益@Fzhou zhen yi |
| 210 | @a北京@c中华书局@d2000 | |
| 215 | @a617页@d20cm | |
| 606 | 0 | @a哲学@x中国@x楚汉战争时代 |
| 606 | 0 | @a哲学@x中国@x汉代 |
| 690 | @aB234.22@v3 | |
| 701 | 0 | @a周振益@Azhou zhen yi |
| 801 | 0 | @aCN@bPFT@c20070819 |
| 905 | @a213230@dB234.22@eZW319@f1 | |
| 新书校注/周振益.-北京:中华书局,2000 |
| 617页;20cm |
| ISBN 7-101-01882-3:¥30.00 |
| ● |
| 相关链接 |
|
|
|
|
正题名:新书校注
索取号:B234.22/ZW319
 
预约/预借
| 序号 | 登录号 | 条形码 | 馆藏地/架位号 | 状态 | 备注 |
| 1 | 7600467 | 276004672 | 密集书库-文学院/ [索取号:B234.22/ZW319] | 在馆 |